[Event "Eastern op 45th"]
[Site "Tysons"]
[Date "2018.12.28"]
[Round "3"]
[White "Norman, Dennis"]
[Black "Samuelson, Andrew"]
[Result "0-1"]
[WhiteElo "1809"]
[BlackElo "2175"]
[PlyCount "62"]
[EventDate "2018.12.27"]
[EventType "swiss"]
[EventRounds "7"]
[EventCountry "USA"]
[SourceTitle "CBM 188 Extra"]
[Source "ChessBase"]
[SourceDate "2019.02.26"]
[SourceVersion "1"]
[SourceVersionDate "2019.02.26"]
[SourceQuality "1"]

1. d4 Nf6 2. Nf3 c5 3. d5 g6 4. Nc3 Bg7 5. e4 0-0 6. Be2 d6 7. 0-0 Na6 8. Bf4 Nc7 9. a4 a6 10. h3 Rb8 11. a5 b5 12. axb6 Rxb6 13. Qc1 Rb4 14. Nd2 Nfxd5 15. exd5 Rxf4 16. Nde4 Be5 17. g3 Nxd5 18. gxf4 Nxf4 19. Qe3 Bxh3 20. Rfd1 e6 21. Bf3 f5 22. Ng3 Qh4 23. Rxa6 Nh5 24. Bxh5 f4 25. Qe4 Qg5 26. Nce2 fxg3 27. Nxg3 Bxg3 28. fxg3 Qxg3+ 29. Kh1 Rf2 30. Ra8+ Kg7 31. Ra7+ Kf6 0-1